Pulp and paper 1979/1 = Pates et papiers

Uloženo v:
Podrobná bibliografie
Médium: Kniha
Jazyk:Undetermined
Vydáno: Paris OCED 1979
Témata:
Tagy: Přidat tag
Žádné tagy, Buďte první, kdo otaguje tento záznam!
Thư viện lưu trữ: Trung tâm Học liệu Trường Đại học Cần Thơ
LEADER 00472nam a2200181Ia 4500
001 CTU_99414
008 210402s9999 xx 000 0 und d
082 |a 338.4 
082 |b P982/1979/1 
245 0 |a Pulp and paper 1979/1 = 
245 0 |b Pates et papiers 
260 |a Paris 
260 |b OCED 
260 |c 1979 
650 |a Paper industry,Pâte à papier 
650 |x Industrie 
904 |i Tuyến 
980 |a Trung tâm Học liệu Trường Đại học Cần Thơ